<?xml version="1.0" encoding="UTF-8"?>
<record
    xmlns:xsi="http://www.w3.org/2001/XMLSchema-instance"
    xsi:schemaLocation="http://www.loc.gov/MARC21/slim http://www.loc.gov/standards/marcxml/schema/MARC21slim.xsd"
    xmlns="http://www.loc.gov/MARC21/slim">

  <leader>01053nam a22002537a 4500</leader>
  <controlfield tag="005">20170124103200.0</controlfield>
  <datafield tag="010" ind1=" " ind2=" ">
    <subfield code="a">B-058343</subfield>
  </datafield>
  <datafield tag="020" ind1=" " ind2=" ">
    <subfield code="c">00.00</subfield>
  </datafield>
  <datafield tag="035" ind1=" " ind2=" ">
    <subfield code="a">B-058343</subfield>
  </datafield>
  <datafield tag="037" ind1=" " ind2=" ">
    <subfield code="b">Cen Lib/Ret</subfield>
  </datafield>
  <datafield tag="040" ind1=" " ind2=" ">
    <subfield code="a">DPL</subfield>
    <subfield code="b">HN</subfield>
  </datafield>
  <datafield tag="082" ind1=" " ind2=" ">
    <subfield code="a">239.1</subfield>
    <subfield code="b">&#x915;&#x943;&#x92A;&#x93E;&#x932; </subfield>
  </datafield>
  <datafield tag="100" ind1=" " ind2=" ">
    <subfield code="a">&#x915;&#x943;&#x92A;&#x93E;&#x932; &#x938;&#x93F;&#x902;&#x939; </subfield>
    <subfield code="9">91537</subfield>
  </datafield>
  <datafield tag="245" ind1=" " ind2=" ">
    <subfield code="a">&#x91C;&#x940;&#x935;&#x928;-&#x91A;&#x915;&#x94D;&#x930; :</subfield>
    <subfield code="c">&#x915;&#x943;&#x92A;&#x93E;&#x932; &#x938;&#x93F;&#x902;&#x939; </subfield>
    <subfield code="b">&#x915;&#x930;&#x94D;&#x92E; &#x914;&#x930; &#x92B;&#x932; &#x915;&#x93E; &#x928;&#x93F;&#x92F;&#x92E; /</subfield>
  </datafield>
  <datafield tag="246" ind1=" " ind2=" ">
    <subfield code="a">Jeevan-chakr : karm aur fal ka niyam /</subfield>
    <subfield code="b">by Kripal Singh </subfield>
  </datafield>
  <datafield tag="260" ind1=" " ind2=" ">
    <subfield code="b">&#x938;&#x93E;&#x935;&#x928; &#x915;&#x943;&#x92A;&#x93E;&#x932; &#x92A;&#x92C;&#x94D;&#x932;&#x93F;&#x915;&#x947;&#x936;&#x928;&#x94D;&#x938; </subfield>
    <subfield code="a">&#x926;&#x93F;&#x932;&#x94D;&#x932;&#x940; </subfield>
    <subfield code="c">1999</subfield>
  </datafield>
  <datafield tag="270" ind1=" " ind2=" ">
    <subfield code="a">&#x938;&#x902;&#x924; &#x915;&#x943;&#x92A;&#x93E;&#x932; &#x938;&#x93F;&#x902;&#x939; &#x92E;&#x93E;&#x930;&#x94D;&#x917;, &#x935;&#x93F;&#x91C;&#x92F; &#x928;&#x917;&#x930; </subfield>
    <subfield code="b">&#x926;&#x93F;&#x932;&#x94D;&#x932;&#x940; </subfield>
    <subfield code="e">110009</subfield>
  </datafield>
  <datafield tag="300" ind1=" " ind2=" ">
    <subfield code="a">74&#x92A;&#x943;. </subfield>
    <subfield code="c">20&#x938;&#x947;&#x92E;&#x940;(&#x938;&#x91C;&#x93F;&#x932;&#x94D;&#x926;)</subfield>
  </datafield>
  <datafield tag="650" ind1=" " ind2=" ">
    <subfield code="a">&#x915;&#x930;&#x94D;&#x92E; &#x91A;&#x915;&#x94D;&#x930; </subfield>
    <subfield code="9">1541</subfield>
  </datafield>
  <datafield tag="650" ind1=" " ind2=" ">
    <subfield code="a">&#x938;&#x93E;&#x92E;&#x93E;&#x91C;&#x93F;&#x915; -- &#x906;&#x91A;&#x930;&#x923; </subfield>
    <subfield code="9">147</subfield>
  </datafield>
  <datafield tag="650" ind1=" " ind2=" ">
    <subfield code="a">Action cycle</subfield>
    <subfield code="9">91538</subfield>
  </datafield>
  <datafield tag="650" ind1=" " ind2=" ">
    <subfield code="a">Social - Practices</subfield>
    <subfield code="9">91539</subfield>
  </datafield>
  <datafield tag="942" ind1=" " ind2=" ">
    <subfield code="2">ddc</subfield>
    <subfield code="c">HN</subfield>
    <subfield code="h">239.1</subfield>
    <subfield code="m">&#x915;&#x943;&#x92A;&#x93E;&#x932; </subfield>
  </datafield>
  <datafield tag="999" ind1=" " ind2=" ">
    <subfield code="c">120608</subfield>
    <subfield code="d">120608</subfield>
  </datafield>
  <datafield tag="952" ind1=" " ind2=" ">
    <subfield code="0">0</subfield>
    <subfield code="1">0</subfield>
    <subfield code="4">0</subfield>
    <subfield code="7">0</subfield>
    <subfield code="a">L</subfield>
    <subfield code="b">L</subfield>
    <subfield code="d">2015-09-23</subfield>
    <subfield code="e">Cen Lib/Ret</subfield>
    <subfield code="g">0.00</subfield>
    <subfield code="l">4</subfield>
    <subfield code="o">239.1 &#x915;&#x943;&#x92A;&#x93E;&#x932;</subfield>
    <subfield code="p">B-058343</subfield>
    <subfield code="r">2023-12-12 00:00:00</subfield>
    <subfield code="s">2023-12-09</subfield>
    <subfield code="t">1</subfield>
    <subfield code="v">0.00</subfield>
    <subfield code="w">2015-09-23</subfield>
    <subfield code="y">HN</subfield>
  </datafield>
</record>
